| 000 | 004800000a22001810004500 | ||
|---|---|---|---|
| 003 | LK-CoMWRAF | ||
| 005 | 20240110100931.0 | ||
| 008 | 230817t2000 ||||| |||| 00| 0 eng d | ||
| 040 |
_aLK-CoMWRAF _dLK-CoMWRAF _eLK-CoMWRAF |
||
| 041 | _atam | ||
| 082 | _bJIA | ||
| 100 | _aJiauddin, B.M. | ||
| 242 | _aUyar Maraiyil Uyiringal | ||
| 245 | _aஉயர் மறையில் உயிரினங்கள் | ||
| 260 |
_bBismillah, _c2000 |
||
| 300 | _a184 p. | ||
| 942 | _cBK | ||
| 999 |
_c1052 _d1052 |
||